Social issues in diagnosis : (Record no. 283620)
[ view plain ]
| 000 -LEADER | |
|---|---|
| fixed length control field | 01277cam a2200373 i 4500 |
| 001 - CONTROL NUMBER | |
| control field | 17820676 |
| 003 - CONTROL NUMBER IDENTIFIER | |
| control field | PILC |
| 005 - DATE AND TIME OF LATEST TRANSACTION | |
| control field | 20150226130942.0 |
| 008 - FIXED-LENGTH DATA ELEMENTS--GENERAL INFORMATION | |
| fixed length control field | 130718s2014 mdua b 001 0 eng |
| 010 ## - LIBRARY OF CONGRESS CONTROL NUMBER | |
| LC control number | 2013028967 |
| 020 ## - INTERNATIONAL STANDARD BOOK NUMBER | |
| International Standard Book Number | 9781421413006 (pbk. : alk. paper) |
| 020 ## - INTERNATIONAL STANDARD BOOK NUMBER | |
| International Standard Book Number | 1421413000 (pbk. : alk. paper) |
| 020 ## - INTERNATIONAL STANDARD BOOK NUMBER | |
| Cancelled/invalid ISBN | 9781421413013 (electronic) |
| 020 ## - INTERNATIONAL STANDARD BOOK NUMBER | |
| Cancelled/invalid ISBN | 1421413019 (electronic) |
| 035 ## - SYSTEM CONTROL NUMBER | |
| System control number | (DNLM)101612994 |
| 040 ## - CATALOGING SOURCE | |
| Original cataloging agency | DNLM/DLC |
| Transcribing agency | DLC |
| Description conventions | rda |
| Modifying agency | DLC |
| 042 ## - AUTHENTICATION CODE | |
| Authentication code | pcc |
| 050 00 - LIBRARY OF CONGRESS CALL NUMBER | |
| Classification number | RC 71 |
| Item number | .So66 2014 |
| 060 10 - NATIONAL LIBRARY OF MEDICINE CALL NUMBER | |
| Classification number | WB 141 |
| 082 00 - DEWEY DECIMAL CLASSIFICATION NUMBER | |
| Classification number | 616.07/5 |
| 245 00 - TITLE STATEMENT | |
| Title | Social issues in diagnosis : |
| Remainder of title | an introduction for students and clinicians / |
| Statement of responsibility, etc | edited by Annemarie Goldstein Jutel, Kevin Dew. |
| 260 ## - PUBLICATION, DISTRIBUTION, ETC. (IMPRINT) | |
| Place of publication, distribution, etc | Baltimore, MD : |
| Name of publisher, distributor, etc | Johns Hopkins University Press, |
| Date of publication, distribution, etc | c2014. |
| 300 ## - PHYSICAL DESCRIPTION | |
| Extent | xiv, 245 pages : |
| Other physical details | illustrations ; |
| Dimensions | 26 cm. |
| 504 ## - BIBLIOGRAPHY, ETC. NOTE | |
| Bibliography, etc | Includes bibliographical references and index. |
| 650 12 - SUBJECT ADDED ENTRY--TOPICAL TERM | |
| Topical term or geographic name as entry element | Diagnosis. |
| 650 22 - SUBJECT ADDED ENTRY--TOPICAL TERM | |
| Topical term or geographic name as entry element | Culture. |
| 650 22 - SUBJECT ADDED ENTRY--TOPICAL TERM | |
| Topical term or geographic name as entry element | Physician-Patient Relations. |
| 650 22 - SUBJECT ADDED ENTRY--TOPICAL TERM | |
| Topical term or geographic name as entry element | Power (Psychology) |
| 700 1# - ADDED ENTRY--PERSONAL NAME | |
| Personal name | Jutel, Annemarie, |
| Relator term | editor of compilation. |
| 700 1# - ADDED ENTRY--PERSONAL NAME | |
| Personal name | Dew, Kevin, |
| Relator term | editor of compilation. |
| 906 ## - LOCAL DATA ELEMENT F, LDF (RLIN) | |
| a | 7 |
| b | cbc |
| c | orignew |
| d | 1 |
| e | ecip |
| f | 20 |
| g | y-gencatlg |
| 942 ## - ADDED ENTRY ELEMENTS (KOHA) | |
| Source of classification or shelving scheme | Library of Congress Classification |
| Koha item type | Books |
| Withdrawn status | Lost status | Source of classification or shelving scheme | Damaged status | Home library | Current library | Shelving location | Date acquired | Source of acquisition | Sub Shelving location | Total Checkouts | Full call number | Barcode | Date last seen | Price effective from | Koha item type |
|---|---|---|---|---|---|---|---|---|---|---|---|---|---|---|---|
| Library of Congress Classification | College Library | College Library | Reserve Section | 02/26/2015 | Library Fund | RC 71 .So66 2014 | C19111 | 05/15/2018 | 02/26/2015 | Books |